Impact of expenditure on research and development on indicators of economic performance of the V4 Countries in comparison with other countries of the European Union

Význam výdavkov na výskum a vývoj a význam tohto odvetvia v rámci národného hospodárstva a ich porovnanie v rámci každej z krajín V4 s ohľadom na ďalšie významné krajiny Európskej únie.

Salvato in:
Dettagli Bibliografici
Autore principale: Andrejkovič, Marek
Altri autori: Hricová, Daniela
Natura: Capitolo di libro
Lingua:inglese
Soggetti:
Tags: Aggiungi Tag
Nessun Tag, puoi essere il primo ad aggiungerne!!

MARC

LEADER 00000nla a2200000 4500
001 0199296
005 20240605120825.0
041 0 |a eng 
044 |a SK 
245 1 0 |a Impact of expenditure on research and development on indicators of economic performance of the V4 Countries in comparison with other countries of the European Union  |c Marek Andrejkovič, Daniela Hricová 
520 |a Význam výdavkov na výskum a vývoj a význam tohto odvetvia v rámci národného hospodárstva a ich porovnanie v rámci každej z krajín V4 s ohľadom na ďalšie významné krajiny Európskej únie. 
610 2 0 |a Európska únia 
610 2 0 |a Vyšehradská štvorka 
610 2 0 |a výskum 
610 2 0 |a vývoj 
610 2 0 |a financovanie vývoja 
610 2 0 |a efektívnosť výskumu 
100 1 |a Andrejkovič, Marek 
700 1 |a Hricová, Daniela